000 00547nam a2200169 i 4500
001 50434
003 ES-MaACL
005 20230906162158.0
007 t|
008 030804s1967 sp ||||1| spa d
100 1 _aQuadrado, José María.
_994475
245 1 3 _aLa juderia en Mallorca en el siglo XIV /
_cJosé Mª Quadrado ; prólogo estudio de Juan Muntaner Bujosa.
260 _aPalma de Mallorca :
_bAlcover,
_c1967.
300 _a86 p., 6 lám. ;
_c17 cm.
700 1 _aMuntaner Bujosa, Juan.
_984240
852 _aES-MaACL
_jC-34509
_bR.65530
999 _c50434
_d50434